Productividad en tareas administrativas (Registro nro. 6092)

Detalles MARC
000 -Cabecera
Campo de control de longitud fija 01095ata a2200361 4500
005 - Fecha y hora de la última transacción
Campo de control 20251112110918.0
008 - Elementos de longitud fija--Información general
Campo de control de longitud fija 150601b xxu||||| |||| 00| 0 spa d
020 ## - International Standard Book Number
Número Internacional Estándar del Libro (ISBN) 9786077075714
041 ## - Idioma
Código de idioma Español
082 ## - Clasificación Decimal Dewey
Número de clasificación 658.503 C955p
245 ## - Título propiamente dicho
Título Productividad en tareas administrativas
260 ## - Pie de imprenta
Lugar de publicación, distribución, etc. México
260 ## - Pie de imprenta
Nombre del editor, distribuidor, etc. Alfaomega
260 ## - Pie de imprenta
Fecha de publicación, distribución, etc. 2013
300 ## - Descripción física
Extensión 243 páginas
490 ## - Serie
Título de la Serie Dirección y Administración de Empresas
490 ## - Serie
Título de la Serie Secretariado Ejecutivo
650 ## - Materia general
Temática (materia general) PLANIFICACIÓN GENERAL DE LA PRODUCCIÓN
650 ## - Materia general
Temática (materia general) ADMINISTRACIÓN DE EMPRESAS
650 ## - Materia general
Temática (materia general) PROCESOS
650 ## - Materia general
Temática (materia general) MEJORAS DE PROCESOS
650 ## - Materia general
Temática (materia general) DISPOSICIÓN DE OFICINA
650 ## - Materia general
Temática (materia general) PROCEDIMENTAR Y HACER DELEGABLES LAS TAREAS
650 ## - Materia general
Temática (materia general) INIFICAR PROCESOS
650 ## - Materia general
Temática (materia general) PRESENTACIÓN DE PROPUESTAS DE MEJORA
650 ## - Materia general
Temática (materia general) DIAGRAMAS
650 ## - Materia general
Temática (materia general) MEDICIÓN DEL TIEMPO DE LAS TAREAS
650 ## - Materia general
Temática (materia general) MEJORAR LA PRODUCTIVIDAD PERSONAL
650 ## - Materia general
Temática (materia general) LA MEJORA CONTINUA EN TAREAS ADMINISTRATIVAS
650 ## - Materia general
Temática (materia general) CARGAS DE TRABAJO
650 ## - Materia general
Temática (materia general) PROCEDIMIENTOS
942 ## - Punto de acceso adicional KOHA
Tipo de ítem KOHA Libro
Fuente del sistema de clasificación o colocación Dewey Decimal Classification
Existencias
Signatura completa Código de barras Programa Académico Tipo de ítem
658.503 C955p 21704   Libro